| 000 | 00394 a2200121 4500 | ||
|---|---|---|---|
| 001 | ART_7509 | ||
| 005 | 20260410161720.0 | ||
| 008 | 260409a | ||
| 245 | 1 | 0 | _aLa Auditoría ambiental, un nuevo enfoque profesional |
| 100 | 1 | _aFronti de García, Luisa | |
| 700 | 1 | _aD´Onofrio, Paula Alejandra | |
| 773 | 0 |
_tContabilidad y auditoría _g- Año 9, Nº 18 (dic. 2003) _wREV1723 |
|
| 999 |
_c16878 _d16878 |
||